[Event "RUS IPCA-ch"]
[Site "Nalchik"]
[Date "2014.05.05"]
[Round "5"]
[White "Bakurov, Viacheslav"]
[Black "Krikunov, Viktor"]
[Result "0-1"]
[WhiteElo "1887"]
[BlackElo "2084"]
[PlyCount "98"]
[EventDate "2014.05.01"]
[EventType "swiss"]
[EventRounds "9"]
[EventCountry "RUS"]
[SourceTitle "CBM 160 Extra"]
[Source "ChessBase"]
[SourceDate "2014.07.01"]
[SourceVersion "1"]
[SourceVersionDate "2014.07.01"]
[SourceQuality "1"]

1. d4 Nf6 2. Bf4 e6 3. e3 d5 4. Nf3 Be7 5. c3 0-0 6. Nbd2 c5 7. Bd3 Nc6 8. Ne5 c4 9. Bc2 Nxe5 10. Bxe5 b5 11. Qf3 Nd7 12. Qh3 g6 13. Bf4 b4 14. e4 f5 15. exf5 exf5 16. 0-0 Nf6 17. Rfe1 bxc3 18. bxc3 Ne4 19. Bxe4 fxe4 20. Qe3 Rxf4 21. Qxf4 Bg5 22. Qg3 Bxd2 23. Re2 Bg5 24. Rb1 Bf5 25. Rb7 Bc8 26. Rb5 a6 27. Rb1 Qf6 28. Reb2 Bf4 29. Rb6 Qxb6 30. Rxb6 Bxg3 31. hxg3 Kf7 32. Kf1 Ke7 33. Ke2 Be6 34. f3 exf3+ 35. gxf3 h5 36. Ke3 g5 37. Rb7+ Kf6 38. Rb6 a5 39. Rb5 a4 40. a3 h4 41. g4 Rh8 42. Kf2 Bf7 43. Rb6+ Kg7 44. Rb7 Re8 45. Rb4 Bg6 46. Rxa4 Bd3 47. Ra5 Re2+ 48. Kg1 Rc2 49. Rxd5 Rxc3 0-1

[Event "RUS IPCA-ch"]
[Site "Adler"]
[Date "2009.10.15"]
[Round "?"]
[White "Krikunov, Viktor"]
[Black "Mukhin, Alexey A"]
[Result "1/2-1/2"]
[WhiteElo "2132"]
[BlackElo "1990"]
[PlyCount "76"]
[EventDate "2009.10.07"]
[EventType "swiss"]
[EventRounds "9"]
[EventCountry "RUS"]
[SourceTitle "EXT 2023"]
[Source "ChessBase"]
[SourceDate "2022.10.05"]
[SourceVersion "1"]
[SourceVersionDate "2022.10.05"]
[SourceQuality "1"]

1. e4 d5 2. exd5 Nf6 3. c4 c6 4. d4 cxd5 5. Nc3 e6 6. Nf3 Bb4 7. cxd5 Nxd5 8. Bd2 0-0 9. Bd3 Be7 10. 0-0 Nc6 11. Nxd5 Qxd5 12. Bc3 b6 13. Qe2 Bb7 14. Be4 Nxd4 15. Bxh7+ Kxh7 16. Bxd4 Qe4 17. Qxe4+ Bxe4 18. Rfe1 Bxf3 19. gxf3 Rac8 20. Rac1 Rfd8 21. Bc3 Rd3 22. Kg2 Rc5 23. Rcd1 Rcd5 24. Rxd3 Rxd3 25. Re3 Rd5 26. f4 Bc5 27. Rh3+ Kg8 28. Rg3 Bd4 29. Rd3 Bxc3 30. Rxc3 Rd2 31. Rc8+ Kh7 32. Rc7 Kg6 33. Rxa7 Rxb2 34. a4 Rb3 35. a5 bxa5 36. Rxa5 Rb7 37. Kg3 Rd7 38. h3 Kf6 1/2-1/2

[Event "RUS IPCA-ch"]
[Site "Adler"]
[Date "2009.10.08"]
[Round "?"]
[White "Krikunov, Viktor"]
[Black "Obodchuk, Andrei"]
[Result "0-1"]
[WhiteElo "2132"]
[BlackElo "2391"]
[PlyCount "106"]
[EventDate "2009.10.07"]
[EventType "swiss"]
[EventRounds "9"]
[EventCountry "RUS"]
[SourceTitle "EXT 2023"]
[Source "ChessBase"]
[SourceDate "2022.10.05"]
[SourceVersion "1"]
[SourceVersionDate "2022.10.05"]
[SourceQuality "1"]

1. e4 c5 2. Nf3 d6 3. Bb5+ Nd7 4. d4 cxd4 5. Qxd4 a6 6. Bxd7+ Bxd7 7. 0-0 Rc8 8. Nc3 e5 9. Qd3 h6 10. a4 Nf6 11. Be3 Be6 12. b3 Qc7 13. Bd2 Be7 14. Rfc1 0-0 15. Qe2 Rfe8 16. a5 d5 17. Nxd5 Nxd5 18. exd5 Bxd5 19. c4 Bc6 20. Qxe5 Bd6 21. Qh5 Bxf3 22. Qxf3 Bxh2+ 23. Kf1 Be5 24. Bc3 Rcd8 25. g3 Bxc3 26. Rxc3 Re6 27. Re3 Rf6 28. Qe2 Qc6 29. Kg1 Rfd6 30. Re1 Kf8 31. Qh5 R6d7 32. Qe5 Kg8 33. Qf5 Rd6 34. Re7 Rf6 35. Qe4 Qc5 36. Re2 Qxa5 37. Qxb7 Rd1+ 38. Kg2 Qh5 39. Re8+ Kh7 40. Qe4+ g6 41. Re1 Rxe1 42. Qxe1 Qf3+ 43. Kg1 Qxb3 44. Qe2 Qb1+ 45. Kg2 a5 46. c5 Qb7+ 47. Kg1 Qc6 48. Qe7 Qf3 49. Qe1 a4 50. Re3 Qc6 51. Qb4 Rf5 52. Rc3 Rd5 53. Rc1 Rh5 0-1

[Event "Peterhof op 08"]
[Site "Peterhof"]
[Date "2009.08.07"]
[Round "5"]
[White "Krikunov, Viktor"]
[Black "Sichinava, Zviad"]
[Result "0-1"]
[WhiteElo "2150"]
[BlackElo "2307"]
[PlyCount "68"]
[EventDate "2009.08.03"]
[EventType "swiss"]
[EventRounds "9"]
[EventCountry "RUS"]
[SourceTitle "EXT 2010"]
[Source "ChessBase"]
[SourceDate "2010.11.25"]
[SourceVersion "1"]
[SourceVersionDate "2010.11.25"]
[SourceQuality "1"]

1. e4 c5 2. Nf3 e6 3. d4 cxd4 4. Nxd4 Qb6 5. Nb3 Qc7 6. Nc3 a6 7. Bd3 b5 8. 0-0 Bb7 9. a3 Nf6 10. Qe2 d6 11. Be3 Nbd7 12. f4 Be7 13. Kh1 Rc8 14. h3 Nc5 15. Nxc5 dxc5 16. e5 c4 17. exf6 cxd3 18. fxg7 Rg8 19. cxd3 Rxg7 20. Rg1 f5 21. Qf2 Kf7 22. Bd4 Rg6 23. Be5 Qd7 24. d4 b4 25. axb4 Bxb4 26. Kh2 Bxc3 27. bxc3 Qd5 28. Rac1 h5 29. g3 h4 30. g4 Rc4 31. gxf5 Rxg1 32. Rxg1 Rxc3 33. Rg7+ Kf8 34. Rg8+ Kxg8 0-1

[Event "Peterhof op"]
[Site "Peterhof"]
[Date "2008.08.10"]
[Round "9"]
[White "Krikunov, Viktor"]
[Black "Nugaev, Nail"]
[Result "1-0"]
[WhiteElo "2176"]
[BlackElo "1960"]
[PlyCount "27"]
[EventDate "2008.08.02"]
[EventType "swiss"]
[EventRounds "9"]
[EventCountry "RUS"]
[SourceTitle "CBM 125 Extra"]
[Source "ChessBase"]
[SourceDate "2008.09.01"]
[SourceVersion "1"]
[SourceVersionDate "2008.09.01"]
[SourceQuality "1"]

1. e4 c5 2. Nf3 d6 3. Bb5+ Nd7 4. d4 cxd4 5. Qxd4 a6 6. Bxd7+ Qxd7 7. Nc3 Nf6 8. Bg5 Qc6 9. 0-0-0 b5 10. e5 Nd7 11. exd6 e6 12. Rhe1 Qc5 13. Nd5 Qxd6 14. Bf4 1-0

[Event "Peterhof op"]
[Site "Peterhof"]
[Date "2008.08.04"]
[Round "3"]
[White "Vlassow, Valentin"]
[Black "Krikunov, Viktor"]
[Result "1-0"]
[WhiteElo "2379"]
[BlackElo "2176"]
[PlyCount "45"]
[EventDate "2008.08.02"]
[EventType "swiss"]
[EventRounds "9"]
[EventCountry "RUS"]
[SourceTitle "CBM 125 Extra"]
[Source "ChessBase"]
[SourceDate "2008.09.01"]
[SourceVersion "1"]
[SourceVersionDate "2008.09.01"]
[SourceQuality "1"]

1. e4 e5 2. Bc4 Nf6 3. d4 exd4 4. Nf3 Nc6 5. e5 d5 6. Bb5 Ne4 7. Nxd4 Bd7 8. Bxc6 bxc6 9. 0-0 Be7 10. f3 Nc5 11. f4 0-0 12. f5 Kh8 13. Nc3 Ne4 14. Nxe4 dxe4 15. Be3 Qc8 16. Qg4 c5 17. Nb3 Rb8 18. Qxe4 c4 19. Nc5 Rxb2 20. e6 fxe6 21. fxe6 Rxf1+ 22. Rxf1 Be8 23. Qe5 1-0

[Event "Anapa op"]
[Site "Anapa"]
[Date "2007.09.??"]
[Round "4"]
[White "Birjukov, Sergey"]
[Black "Krikunov, Viktor"]
[Result "1-0"]
[WhiteElo "2266"]
[BlackElo "2211"]
[PlyCount "27"]
[EventDate "2007.09.??"]
[EventType "swiss"]
[EventRounds "9"]
[EventCountry "RUS"]
[SourceTitle "EXT 2009"]
[Source "ChessBase"]
[SourceDate "2008.11.26"]
[SourceVersion "1"]
[SourceVersionDate "2008.11.26"]
[SourceQuality "1"]

1. d4 Nc6 2. Nf3 d5 3. g3 Bf5 4. Bg2 Nb4 5. Na3 c6 6. 0-0 e6 7. Bf4 Bd6 8. Bxd6 Qxd6 9. Nh4 Bg6 10. c3 Na6 11. c4 Qb4 12. Nxg6 hxg6 13. Qd3 Nf6 14. e4 1-0

[Event "Anapa op"]
[Site "Anapa"]
[Date "2007.09.??"]
[Round "8"]
[White "Duzhakov, Ilya"]
[Black "Krikunov, Viktor"]
[Result "0-1"]
[WhiteElo "2118"]
[BlackElo "2211"]
[PlyCount "96"]
[EventDate "2007.09.??"]
[EventType "swiss"]
[EventRounds "9"]
[EventCountry "RUS"]
[SourceTitle "EXT 2009"]
[Source "ChessBase"]
[SourceDate "2008.11.26"]
[SourceVersion "1"]
[SourceVersionDate "2008.11.26"]
[SourceQuality "1"]

1. d4 d6 2. c4 Nd7 3. e4 e5 4. Be3 Ngf6 5. Nc3 Be7 6. Be2 0-0 7. h3 exd4 8. Bxd4 c5 9. Be3 Qa5 10. Qd2 Ne5 11. f4 Nc6 12. Nf3 Be6 13. 0-0 Rfe8 14. Kh2 Rad8 15. Rad1 a6 16. a4 Qb4 17. b3 Bc8 18. Qc2 Bf8 19. Bd3 g6 20. Bd2 Qb6 21. g4 Nb4 22. Qb1 Nxd3 23. Qxd3 Qc6 24. Rde1 Bg7 25. g5 Nh5 26. Nd5 Qd7 27. f5 Qc6 28. f6 Bf8 29. Kg2 b6 30. Nh2 Be6 31. Ng4 Bxd5 32. exd5 Qd7 33. Qc3 b5 34. Re7 Rxe7 35. fxe7 Qxe7 36. Re1 Qd7 37. axb5 axb5 38. cxb5 Rb8 39. Bc1 Bg7 40. Nh6+ Bxh6 41. gxh6 Qxb5 42. Bb2 f6 43. Qe3 Qd7 44. Qf3 Qf5 45. Qxf5 gxf5 46. Re3 Kf7 47. Rf3 Kg6 48. Kf2 f4 0-1

[Event "Anapa op"]
[Site "Anapa"]
[Date "2007.09.??"]
[Round "5"]
[White "Krikunov, Viktor"]
[Black "Bulygin, Yaroslav"]
[Result "1-0"]
[WhiteElo "2211"]
[BlackElo "2060"]
[PlyCount "83"]
[EventDate "2007.09.??"]
[EventType "swiss"]
[EventRounds "9"]
[EventCountry "RUS"]
[SourceTitle "EXT 2009"]
[Source "ChessBase"]
[SourceDate "2008.11.26"]
[SourceVersion "1"]
[SourceVersionDate "2008.11.26"]
[SourceQuality "1"]

1. f4 e5 2. fxe5 d6 3. Nf3 Bg4 4. d4 Nc6 5. Bg5 Qd7 6. exd6 Bxd6 7. e3 h6 8. Bh4 g5 9. Bf2 a6 10. c3 f5 11. Nbd2 0-0-0 12. b4 f4 13. e4 Nb8 14. b5 axb5 15. Qb3 c6 16. a4 b4 17. cxb4 Qe7 18. Rb1 Be6 19. Bc4 Bxc4 20. Qxc4 Nf6 21. e5 Nd5 22. b5 Bb4 23. 0-0 Rhg8 24. Ne4 g4 25. Bh4 Qd7 26. Ne1 Qf5 27. Qd3 Qe6 28. Nc2 Be7 29. Bxe7 Nxe7 30. Nd6+ Rxd6 31. exd6 Qxd6 32. Qh7 Qg6 33. Qxg6 Rxg6 34. Rb3 Nd7 35. Nb4 Nb6 36. bxc6 bxc6 37. Ra1 Kc7 38. a5 Nbd5 39. a6 Nxb4 40. Rxb4 c5 41. dxc5 Nc6 42. Rxf4 1-0

[Event "Anapa op"]
[Site "Anapa"]
[Date "2007.09.??"]
[Round "6"]
[White "Vastrukhin, Oleg"]
[Black "Krikunov, Viktor"]
[Result "1/2-1/2"]
[WhiteElo "2293"]
[BlackElo "2211"]
[PlyCount "72"]
[EventDate "2007.09.??"]
[EventType "swiss"]
[EventRounds "9"]
[EventCountry "RUS"]
[SourceTitle "EXT 2009"]
[Source "ChessBase"]
[SourceDate "2008.11.26"]
[SourceVersion "1"]
[SourceVersionDate "2008.11.26"]
[SourceQuality "1"]

1. Nf3 e6 2. g3 d5 3. Bg2 c5 4. 0-0 Nf6 5. d4 Nc6 6. a3 cxd4 7. Nxd4 Qb6 8. Nxc6 bxc6 9. c4 Be7 10. b4 0-0 11. cxd5 cxd5 12. Nc3 Bb7 13. Be3 Qd8 14. Na4 Ba6 15. Rc1 Bc4 16. Nb2 Ba6 17. Nd3 Nd7 18. a4 Bxd3 19. Qxd3 Bxb4 20. Bf4 a5 21. Rfd1 Rc8 22. e4 Rxc1 23. Bxc1 Nc5 24. Qb5 d4 25. e5 Qb8 26. Rxd4 Qxb5 27. axb5 Nb3 28. Rc4 Nxc1 29. Rxc1 Rb8 30. Bc6 Kf8 31. Rd1 Bc5 32. Ra1 Bb6 33. Rd1 Rd8 34. Rxd8+ Bxd8 35. Kf1 Bb6 36. Be4 a4 1/2-1/2

[Event "Petrovskaya Ladya op 08"]
[Site "Peterhof"]
[Date "2007.08.08"]
[Round "3"]
[White "Androsov, Sergey"]
[Black "Krikunov, Viktor"]
[Result "0-1"]
[WhiteElo "2082"]
[BlackElo "2211"]
[PlyCount "66"]
[EventDate "2007.08.06"]
[EventType "swiss"]
[EventRounds "9"]
[EventCountry "RUS"]
[SourceTitle "EXT 2008"]
[Source "ChessBase"]
[SourceDate "2007.11.25"]
[SourceVersion "1"]
[SourceVersionDate "2007.11.25"]
[SourceQuality "1"]

1. e4 e5 2. Nf3 Nc6 3. Bb5 f5 4. d4 fxe4 5. Nxe5 Nxe5 6. dxe5 c6 7. Bc4 Qa5+ 8. Nc3 Qxe5 9. 0-0 d5 10. Re1 Nf6 11. g3 dxc4 12. Nxe4 Nxe4 13. Qf3 Bf5 14. Bf4 Qe6 15. g4 Bxg4 16. Qg2 Bf5 17. f3 Bc5+ 18. Be3 Bxe3+ 19. Rxe3 0-0 20. fxe4 Qe5 21. Qg5 Qxb2 22. Rae1 Bg6 23. h4 Qf6 24. Qg3 Rae8 25. e5 Qf4 26. Qg2 Qxh4 27. Rd1 Qf4 28. Rde1 Re6 29. c3 Bd3 30. Rg3 Qxg3 31. Qxg3 Rg6 32. Qxg6 hxg6 33. Kg2 Kf7 0-1

[Event "IPCA Wch-A 8th"]
[Site "Wisla"]
[Date "2007.05.17"]
[Round "3"]
[White "Krikunov, Viktor"]
[Black "Linqvist, Grels"]
[Result "1-0"]
[WhiteElo "2200"]
[BlackElo "2057"]
[PlyCount "89"]
[EventDate "2007.05.15"]
[EventType "swiss"]
[EventRounds "9"]
[EventCountry "POL"]
[SourceTitle "EXT 2011"]
[Source "ChessBase"]
[SourceDate "2010.11.26"]
[SourceVersion "1"]
[SourceVersionDate "2010.11.26"]
[SourceQuality "1"]

1. e4 e6 2. d4 d5 3. e5 c5 4. c3 Nc6 5. Nf3 Bd7 6. Be2 Nge7 7. 0-0 Nf5 8. Bd3 cxd4 9. Bxf5 exf5 10. cxd4 Be6 11. Nc3 Be7 12. Bd2 0-0 13. Rc1 Rc8 14. Ne2 Qb6 15. Bc3 h6 16. Qd2 g5 17. h4 Qd8 18. g3 Kg7 19. Kg2 Rg8 20. hxg5 hxg5 21. Rh1 Kg6 22. Rh2 Rh8 23. Rch1 Rxh2+ 24. Rxh2 Qd7 25. Nf4+ Kg7 26. Nh5+ Kg6 27. Nf6 Bxf6 28. exf6 f4 29. Nxg5 Qd6 30. Nxe6 fxe6 31. Qd3+ Kxf6 32. Qh7 f3+ 33. Kxf3 Qf8 34. Kg2 Qg7 35. Rh6+ Kf7 36. Qxg7+ Kxg7 37. Rxe6 Kf7 38. Rd6 Ne7 39. Rd7 Ke6 40. Rxb7 Nc6 41. f4 Ra8 42. g4 a5 43. Kf3 a4 44. a3 Nd8 45. f5+ 1-0